<?xml version="1.0" encoding="UTF-8"?>
<record
    xmlns:xsi="http://www.w3.org/2001/XMLSchema-instance"
    xsi:schemaLocation="http://www.loc.gov/MARC21/slim http://www.loc.gov/standards/marcxml/schema/MARC21slim.xsd"
    xmlns="http://www.loc.gov/MARC21/slim">

  <leader>03621nam a2200493Ii 4500</leader>
  <controlfield tag="001">DIGIBE0450</controlfield>
  <controlfield tag="003">NyNyDIG</controlfield>
  <controlfield tag="006">m     o  d        </controlfield>
  <controlfield tag="008">191030s2014    sp      o     000 0 spa d</controlfield>
  <controlfield tag="007">cr |||||||||||</controlfield>
  <datafield tag="035" ind1=" " ind2=" ">
    <subfield code="a">(OCoLC)932336160</subfield>
  </datafield>
  <datafield tag="040" ind1=" " ind2=" ">
    <subfield code="a">DGITA</subfield>
    <subfield code="b">eng</subfield>
    <subfield code="e">rda</subfield>
    <subfield code="e">pn</subfield>
    <subfield code="c">DGITA</subfield>
  </datafield>
  <datafield tag="020" ind1=" " ind2=" ">
    <subfield code="a">9783954872954</subfield>
    <subfield code="q">(eBook ;</subfield>
    <subfield code="q">pdf)</subfield>
  </datafield>
  <datafield tag="020" ind1=" " ind2=" ">
    <subfield code="a">3954872951</subfield>
    <subfield code="q">(eBook ;</subfield>
    <subfield code="q">pdf)</subfield>
  </datafield>
  <datafield tag="020" ind1=" " ind2=" ">
    <subfield code="z">9788484897972</subfield>
    <subfield code="q">(Iberoamericana)</subfield>
  </datafield>
  <datafield tag="020" ind1=" " ind2=" ">
    <subfield code="z">8484897974</subfield>
    <subfield code="q">(Iberoamericana)</subfield>
  </datafield>
  <datafield tag="020" ind1=" " ind2=" ">
    <subfield code="z">9783954873449</subfield>
    <subfield code="q">(Vervuert)</subfield>
  </datafield>
  <datafield tag="020" ind1=" " ind2=" ">
    <subfield code="z">3954873443</subfield>
    <subfield code="q">(Vervuert)</subfield>
  </datafield>
  <datafield tag="043" ind1=" " ind2=" ">
    <subfield code="a">e-sp---</subfield>
    <subfield code="a">cl-----</subfield>
  </datafield>
  <datafield tag="050" ind1="1" ind2="4">
    <subfield code="a">PC4074.7 ebook</subfield>
  </datafield>
  <datafield tag="082" ind1="0" ind2="4">
    <subfield code="a">467</subfield>
  </datafield>
  <datafield tag="245" ind1="0" ind2="0">
    <subfield code="a">Pr&#xE1;cticas y pol&#xED;ticas ling&#xFC;&#xED;sticas :</subfield>
    <subfield code="b">nuevas variedades, normas, actitudes y perspectivas /</subfield>
    <subfield code="c">Klaus Zimmermman (ed.).</subfield>
  </datafield>
  <datafield tag="264" ind1=" " ind2="1">
    <subfield code="a">Madrid :</subfield>
    <subfield code="b">Iberoamericana Editorial ;</subfield>
    <subfield code="a">Frankfurt am Main :</subfield>
    <subfield code="b">Vervuert Verlag,</subfield>
    <subfield code="c">2014.</subfield>
  </datafield>
  <datafield tag="300" ind1=" " ind2=" ">
    <subfield code="a">1 online resource.</subfield>
  </datafield>
  <datafield tag="336" ind1=" " ind2=" ">
    <subfield code="a">text</subfield>
    <subfield code="b">txt</subfield>
    <subfield code="2">rdacontent</subfield>
  </datafield>
  <datafield tag="337" ind1=" " ind2=" ">
    <subfield code="a">computer</subfield>
    <subfield code="b">c</subfield>
    <subfield code="2">rdamedia</subfield>
  </datafield>
  <datafield tag="338" ind1=" " ind2=" ">
    <subfield code="a">online resource</subfield>
    <subfield code="b">cr</subfield>
    <subfield code="2">rdacarrier</subfield>
  </datafield>
  <datafield tag="490" ind1="1" ind2=" ">
    <subfield code="a">Nuevos hispanismos ;</subfield>
    <subfield code="v">18</subfield>
  </datafield>
  <datafield tag="505" ind1="0" ind2=" ">
    <subfield code="a">Nuevas voces y nuevas letras para un vocabulario hispano-mexicano (1844) / B&#xE1;rbara Cifuentes, Celia Zamudio -- El espa&#xF1;ol frente al ingl&#xE9;s en los discursos sobre la identidad filipina a la vuelta del siglo XIX / Mauro Fern&#xE1;ndez Rodr&#xED;guez -- El lugar de las lenguas en las lenguas modernas. Hacia una nueva cartograf&#xED;a de la lingu&#xED;stica hisp&#xE1;nica en EE. UU. / Jos&#xE9; del Valle -- &#xBF;Qu&#xE9; hace una lengua como el espa&#xF1;ol en una Academia como &#xE9;sta? La institucionalizaci&#xF3;n del atraso en la lingu&#xED;stica espa&#xF1;ola / Carlos Subirats R&#xFC;ggerberg -- Ideolog&#xED;as lingu&#xED;sticas, autoridad y experticia en una comunidad de pr&#xE1;ctica : a prop&#xF3;sito de una pol&#xED;tica ling&#xFC;&#xED;stica a favor del quechua / Virginia Zavala -- Tradiciones e innovaciones jur&#xED;dicas y textuales : codificaci&#xF3;n y descodificaci&#xF3;n en las leyes mexicanas de los siglos XIX al XXI / Mar&#xED;a Eugenia V&#xE1;zquez Laslop -- El lenguaje de la droga en Espa&#xF1;a / F&#xE9;lix Rodr&#xED;guez Gonz&#xE1;lez -- Polarizaci&#xF3;n y tensi&#xF3;n normativas : actitudes hacia la norma prescrita en el espa&#xF1;ol peninsular centro-septentrional / Carmen Fern&#xE1;ndez Juncal, Carla Amor&#xF3;s Negre -- Los etnolectos y la difusi&#xF3;n contrajer&#xE1;rquica : nuevas normas en el espa&#xF1;ol peruano / Anna Mar&#xED;a Escobar -- El jopara : la cara descubierta del guaran&#xED; paraguayo / Lenka Zaj&#xED;cov&#xE1; -- Nuevos arabismos en el espa&#xF1;ol : una revisi&#xF3;n diacr&#xF3;nica y cr&#xED;tica a partir del siglo XIX / Laura Morgenthaler Garc&#xED;a -- Imaginar el Estado : el debate sobre el estatus de las lenguas en la Catalu&#xF1;a independiente / Silvia Senz Bueno -- El Madrid plurilingue y pluridialectal : nueva realidad, nuevos enfoques / Daniel M. S&#xE1;ez Rivera.</subfield>
  </datafield>
  <datafield tag="588" ind1="0" ind2=" ">
    <subfield code="a">Online resource; title from PDF title page (Digitalia, viewed November 1, 2019)</subfield>
  </datafield>
  <datafield tag="650" ind1=" " ind2="0">
    <subfield code="a">Spanish language</subfield>
    <subfield code="x">Standardization</subfield>
    <subfield code="x">History.</subfield>
  </datafield>
  <datafield tag="650" ind1=" " ind2="0">
    <subfield code="a">Spanish language</subfield>
    <subfield code="x">Foreign elements.</subfield>
  </datafield>
  <datafield tag="650" ind1=" " ind2="0">
    <subfield code="a">Language policy</subfield>
    <subfield code="z">Latin American.</subfield>
  </datafield>
  <datafield tag="650" ind1=" " ind2="0">
    <subfield code="a">Language policy</subfield>
    <subfield code="z">Spain.</subfield>
  </datafield>
  <datafield tag="655" ind1=" " ind2="0">
    <subfield code="a">Electronic books.</subfield>
  </datafield>
  <datafield tag="700" ind1="1" ind2=" ">
    <subfield code="a">Zimmermman, Klaus,</subfield>
    <subfield code="d">1947-</subfield>
    <subfield code="e">editor.</subfield>
  </datafield>
  <datafield tag="791" ind1="2" ind2=" ">
    <subfield code="a">Digitalia (Firm),</subfield>
    <subfield code="e">distributor.</subfield>
  </datafield>
  <datafield tag="793" ind1="0" ind2=" ">
    <subfield code="g">Digitalia eBook Collection:</subfield>
    <subfield code="a">Iberoamericana/Vervuert</subfield>
  </datafield>
  <datafield tag="776" ind1="0" ind2="8">
    <subfield code="i">Print version:</subfield>
    <subfield code="t">Pr&#xE1;cticas y pol&#xED;ticas ling&#xFC;&#xED;sticas.</subfield>
    <subfield code="d">Madrid : Iberoamericana ; Frankfurt am Main : Vervuert Verlag, 2014</subfield>
    <subfield code="z">9788484897972</subfield>
    <subfield code="w">(DLC)  2015437635</subfield>
    <subfield code="w">(OCoLC)898471370</subfield>
  </datafield>
  <datafield tag="830" ind1=" " ind2="0">
    <subfield code="a">Nuevos hispanismos ;</subfield>
    <subfield code="v">18.</subfield>
  </datafield>
  <datafield tag="856" ind1="4" ind2="0">
    <subfield code="3">Digitalia Hisp&#xE1;nica</subfield>
    <subfield code="u">https://www.digitaliapublishing.com/a/56864/</subfield>
  </datafield>
  <datafield tag="910" ind1=" " ind2=" ">
    <subfield code="a">Premium collection: 2019</subfield>
  </datafield>
  <datafield tag="942" ind1=" " ind2=" ">
    <subfield code="c">RAA</subfield>
  </datafield>
  <datafield tag="952" ind1=" " ind2=" ">
    <subfield code="0">0</subfield>
    <subfield code="1">0</subfield>
    <subfield code="4">0</subfield>
    <subfield code="7">0</subfield>
    <subfield code="8">DEH</subfield>
    <subfield code="a">BD-UIN</subfield>
    <subfield code="b">BD-UIN</subfield>
    <subfield code="d">2025-04-25</subfield>
    <subfield code="l">0</subfield>
    <subfield code="r">2025-04-25</subfield>
    <subfield code="w">2025-04-25</subfield>
    <subfield code="y">RAA</subfield>
  </datafield>
  <datafield tag="999" ind1=" " ind2=" ">
    <subfield code="c">255197</subfield>
    <subfield code="d">255197</subfield>
  </datafield>
</record>
